[Event "XXXVIII C.to Italiano a squadre Master"]
[Site "Porto San Giorgio ITA"]
[Date "2006.04.21"]
[Round "2"]
[White "Macieja, Bartlomiej"]
[Black "Dervishi, Erald"]
[Result "1/2-1/2"]
[WhiteElo "2584"]
[BlackElo "2506"]
[PlyCount "90"]
[EventDate "2006.04.21"]

1.d4 Nf6 2.Nf3 e6 3.Bg5 c5 4.c3 cxd4 5.cxd4 d5 6.Nbd2 Be7 7.e3 O-O 8.Bd3 
Nbd7 9.O-O b6 10.Ne5 Nxe5 11.dxe5 Nd7 12.Bxe7 Qxe7 13.Rc1 Nc5 14.Bb5 a5 
15.Nf3 Ba6 16.a4 Bxb5 17.axb5 f6 18.Rc3 Qc7 19.Qc2 a4 20.e4 dxe4 21.Qxe4 
Qd7 22.Qc4 Rad8 23.exf6 gxf6 24.g3 Kh8 25.Re1 e5 26.Rce3 Qd5 27.Qe2 e4 28.
Nh4 f5 29.Qh5 Qf7 30.Qe2 Nd3 31.Ra1 Rd4 32.f3 Nc5 33.Rf1 Qe8 34.fxe4 fxe4 
35.Rxf8+ Qxf8 36.Qh5 Rd6 37.Qe5+ Rf6 38.Nf5 Nd7 39.Qd4 Qc5 40.Qxd7 Qxf5 
41.Qxf5 Rxf5 42.Rxe4 Rxb5 43.Rxa4 Rxb2 44.Ra7 b5 45.g4 h6 1/2-1/2

[Event "XXXVIII C.to Italiano a squadre Master"]
[Site "Porto San Giorgio ITA"]
[Date "2006.04.21"]
[Round "2"]
[White "Mariano, Elia"]
[Black "Manca, Federico"]
[Result "1/2-1/2"]
[WhiteElo "2191"]
[BlackElo "2417"]
[PlyCount "132"]
[EventDate "2006.04.21"]

1.d4 d5 2.c4 e6 3.Nc3 c5 4.cxd5 exd5 5.Nf3 Nc6 6.g3 Nf6 7.Bg2 Be7 8.O-O 
O-O 9.Bg5 cxd4 10.Nxd4 h6 11.Bf4 Bg4 12.h3 Bh5 13.Nf5 Bg6 14.Nxe7+ Qxe7 
15.Nxd5 Nxd5 16.Qxd5 Rad8 17.Qc4 Nd4 18.e4 b5 19.Qc7 Rd7 20.Qe5 Ne2+ 21.
Kh2 Qxe5 22.Bxe5 Re8 23.Rae1 Rd2 24.f4 f6 25.Rf2 fxe5 26.Rexe2 Rxe2 27.
Rxe2 Kf8 28.fxe5 Rxe5 29.Rc2 a5 30.g4 Bf7 31.a3 b4 32.Rc8+ Ke7 33.Kg3 g5 
34.Rc7+ Kf6 35.Kf3 bxa3 36.bxa3 h5 37.Bf1 hxg4+ 38.hxg4 Re7 39.Rc6+ Re6 
40.Rc5 Re5 41.Rc7 Re7 42.Rxe7 Kxe7 43.Ke3 Be6 44.Be2 Bd7 45.Kd4 Kd6 46.Bd3
a4 47.e5+ Ke7 48.Be2 Kf7 49.Kd5 Ke7 50.Bd1 Be6+ 51.Kc5 Bd7 52.Kb4 Bc6 53.
Kc5 Bd7 54.Kb4 Bc6 55.Bxa4 Bf3 56.Kc5 Bxg4 57.Bc6 Bd1 58.a4 g4 59.a5 Bf3 
60.a6 Bxc6 61.Kxc6 g3 62.a7 g2 63.a8=Q g1=Q 64.Qb7+ Ke6 65.Qd7+ Kxe5 66.
Qd5+ Kf6 1/2-1/2

[Event "XXXVIII C.to Italiano a squadre Master"]
[Site "Porto San Giorgio ITA"]
[Date "2006.04.21"]
[Round "2"]
[White "Marinelli, Tullio"]
[Black "Tirabassi, Maurizio"]
[Result "0-1"]
[WhiteElo "2386"]
[BlackElo "2306"]
[PlyCount "94"]
[EventDate "2006.04.21"]

1.d4 Nf6 2.c4 e6 3.Nc3 Bb4 4.e3 O-O 5.Nf3 b6 6.Bd3 Bb7 7.O-O d5 8.a3 Bd6 
9.cxd5 exd5 10.b4 a6 11.Qb3 Qe7 12.b5 Rd8 13.a4 c5 14.bxc6 Nxc6 15.Ba3 
Bxa3 16.Qxa3 Qxa3 17.Rxa3 Nb4 18.Ne5 Nd7 19.Nxd7 Rxd7 20.Bf5 Rc7 21.Rb1 
Rc4 22.Na2 a5 23.Bd7 Bc6 24.Bxc6 Rxc6 25.Kf1 Rc4 26.Nxb4 axb4 27.Ra2 Kf8 
28.Ke2 Ra5 29.Rbb2 Ke7 30.Kd3 f5 31.Kd2 Kd7 32.g3 Kc7 33.h4 Kb7 34.Kd1 Ra7
35.Kd2 Ka6 36.Ra1 Ka5 37.Rab1 Rac7 38.Kd1 Kxa4 39.Kd2 Kb5 40.Ra1 Rc3 41.
Rab1 R7c4 42.Kd1 Ka4 43.Kd2 b3 44.Ra1+ Kb4 45.Kd1 Rc2 46.Rab1 Rxb2 47.Rxb2
Ka3 0-1

[Event "XXXVIII C.to Italiano a squadre Master"]
[Site "Porto San Giorgio ITA"]
[Date "2006.04.21"]
[Round "2"]
[White "Martorelli, Antonio"]
[Black "Lapiccirella, Mattia"]
[Result "1-0"]
[WhiteElo "2265"]
[BlackElo "2243"]
[PlyCount "73"]
[EventDate "2006.04.21"]

1.e4 c5 2.Nf3 Nc6 3.Bb5 g6 4.O-O Nf6 5.e5 Nd5 6.Nc3 Nc7 7.Bxc6 dxc6 8.Ne4 
b6 9.Re1 Ne6 10.b3 Bg7 11.Bb2 O-O 12.d3 a5 13.a4 Ra7 14.h3 Nd4 15.Neg5 h6 
16.Ne4 f5 17.exf6 exf6 18.Bxd4 cxd4 19.Ned2 Re7 20.Rxe7 Qxe7 21.Nc4 Qc5 
22.Qd2 g5 23.Re1 Bd7 24.Re4 f5 25.Re2 Re8 26.Qe1 Rxe2 27.Qxe2 b5 28.axb5 
cxb5 29.Nxa5 Bf6 30.Qd2 Be7 31.b4 Qc3 32.Nb3 Bxb4 33.Qe2 Bd6 34.Nfxd4 Qc8 
35.c4 bxc4 36.dxc4 Qa6 37.Qc2 1-0

[Event "XXXVIII C.to Italiano a squadre Master"]
[Site "Porto San Giorgio ITA"]
[Date "2006.04.21"]
[Round "2"]
[White "Mazzilli, Piero"]
[Black "Cherin, Diego"]
[Result "0-1"]
[WhiteElo "2333"]
[BlackElo "2304"]
[PlyCount "66"]
[EventDate "2006.04.21"]

1.e4 c5 2.Nf3 e6 3.c3 d5 4.exd5 Qxd5 5.d4 Nc6 6.Be2 cxd4 7.cxd4 Nf6 8.Nc3 
Qd6 9.O-O Be7 10.Nb5 Qd8 11.Bf4 O-O 12.Bc7 Qd7 13.Ne5 Nxe5 14.dxe5 Nd5 15.
Bd6 a6 16.Bxe7 Qxe7 17.Nd6 Qg5 18.Qd4 Nf4 19.Bf3 Qxg2+ 20.Bxg2 Ne2+ 21.Kh1
Nxd4 22.Rfd1 Ne2 23.Rd2 Nf4 24.Nxc8 Raxc8 25.Bxb7 Rc5 26.Bxa6 Rxe5 27.a4 
g5 28.Bc4 Ra8 29.b4 Rxa4 30.Rg1 Rxb4 31.Bf1 Rb1 32.Bc4 Ree1 33.Rxe1 Rxe1+ 
0-1

[Event "XXXVIII C.to Italiano a squadre Master"]
[Site "Porto San Giorgio ITA"]
[Date "2006.04.21"]
[Round "2"]
[White "Napoli, Nicolo'"]
[Black "Vitri, Sergio"]
[Result "1-0"]
[WhiteElo "2220"]
[BlackElo "2105"]
[PlyCount "83"]
[EventDate "2006.04.21"]

1.e4 Nf6 2.e5 Nd5 3.c4 Nb6 4.c5 Nd5 5.d4 d6 6.cxd6 cxd6 7.Nf3 e6 8.Nc3 Nc6
9.Bd3 dxe5 10.dxe5 Ndb4 11.Be4 Qxd1+ 12.Nxd1 Be7 13.Ne3 O-O 14.a3 Na6 15.
b4 Nc7 16.Rb1 Rd8 17.O-O Nd4 18.Bb2 Ne2+ 19.Kh1 Nf4 20.Nc4 Nfd5 21.Na5 Rb8
22.Rbc1 Bd7 23.g3 Rdc8 24.Rfd1 Ba4 25.Rd2 Rd8 26.h4 h6 27.g4 Rd7 28.Kh2 b6
29.Nc6 Bxc6 30.Rxc6 Rbd8 31.Kg3 g5 32.hxg5 hxg5 33.Rdc2 Kg7 34.Bc1 Kh6 35.
Re2 Nb5 36.Re1 Nbc3 37.Bc2 Rc7 38.Rxc7 Nxc7 39.Nxg5 Ne2+ 40.Rxe2 Bxg5 41.
f4 Be7 42.g5+ 1-0

[Event "XXXVIII C.to Italiano a squadre Master"]
[Site "Porto San Giorgio ITA"]
[Date "2006.04.21"]
[Round "2"]
[White "Passoni, Carlo"]
[Black "Shytaj, Luca"]
[Result "0-1"]
[WhiteElo "2251"]
[BlackElo "2433"]
[PlyCount "62"]
[EventDate "2006.04.21"]

1.e4 c5 2.Nf3 d6 3.d4 cxd4 4.Nxd4 Nf6 5.Nc3 a6 6.Bg5 Nbd7 7.Bc4 Qa5 8.Qd2 
e6 9.Bb3 b5 10.Bxf6 Nxf6 11.f4 b4 12.Ba4+ Bd7 13.Bxd7+ Kxd7 14.Nce2 Nxe4 
15.Qe3 d5 16.f5 Bc5 17.fxe6+ fxe6 18.Rf1 Raf8 19.Rxf8 Rxf8 20.Qh3 Qb6 21.
O-O-O Nf2 22.Qxh7 Nxd1 23.Qxg7+ Be7 24.Kxd1 Rf1+ 25.Kd2 Qd6 26.Nf3 Kc7 27.
h4 Kb6 28.h5 Bf8 29.Qh8 e5 30.Qg8 Bh6+ 31.Ng5 Rf8 0-1

[Event "XXXVIII C.to Italiano a squadre Master"]
[Site "Porto San Giorgio ITA"]
[Date "2006.04.21"]
[Round "2"]
[White "Rossi, Carlo"]
[Black "Aglietti, Graziano"]
[Result "1-0"]
[WhiteElo "2341"]
[BlackElo "2055"]
[PlyCount "63"]
[EventDate "2006.04.21"]

1.d4 Nf6 2.Bg5 Ne4 3.Bf4 d5 4.f3 Nf6 5.Nc3 e6 6.e4 Bb4 7.e5 Nfd7 8.Be3 c5 
9.a3 Bxc3+ 10.bxc3 Nc6 11.f4 Qa5 12.Bd2 Qa4 13.Rb1 cxd4 14.Bb5 Qxa3 15.Rb3
Qc5 16.Ne2 dxc3 17.Bc1 a6 18.Ba3 Qa7 19.Bxc6 bxc6 20.Bd6 Nc5 21.Rb4 a5 22.
Rd4 Nb7 23.Ba3 c5 24.Rd3 Bd7 25.Nxc3 Bc6 26.Qg4 g6 27.Qh4 Nd8 28.Qf6 Rg8 
29.Qh4 h5 30.Qg3 Rb8 31.Nd1 Rb1 32.Rb3 1-0

[Event "XXXVIII C.to Italiano a squadre Master"]
[Site "Porto San Giorgio ITA"]
[Date "2006.04.21"]
[Round "2"]
[White "Tassi, Oliviero"]
[Black "Anceschi, Vittorio"]
[Result "1-0"]
[WhiteElo "2300"]
[BlackElo "2248"]
[PlyCount "125"]
[EventDate "2006.04.21"]

1.c4 f5 2.Nc3 Nf6 3.d4 g6 4.Bg5 Bg7 5.Qd2 Nc6 6.f3 d6 7.O-O-O e5 8.d5 Ne7 
9.e4 O-O 10.Nge2 a6 11.h4 Qe8 12.Bh6 fxe4 13.Bxg7 Kxg7 14.Nxe4 Nxe4 15.
fxe4 h6 16.Ng3 Qf7 17.Kb1 Qf4 18.Qc3 Bg4 19.Re1 b6 20.h5 g5 21.Be2 Bxe2 
22.Rxe2 Qg4 23.Qe3 Rf7 24.b4 a5 25.a3 axb4 26.axb4 Rff8 27.Rb2 Ra4 28.Kc2 
Rfa8 29.Rd1 Ra3 30.Rd3 Rxd3 31.Qxd3 Qf4 32.c5 bxc5 33.bxc5 Qf2+ 34.Kb1 
Qxc5 35.Rc2 Qb4+ 36.Rb2 Qe1+ 37.Kc2 Ra5 38.Rb3 Ra1 39.Ne2 Ng8 40.Rb7 Ra2+ 
41.Rb2 Rxb2+ 42.Kxb2 Qb4+ 43.Kc2 Nf6 44.Nc3 Qc5 45.Qf3 Nd7 46.Qf5 Nf8 47.
Qc8 Kf7 48.Qd8 Qb6 49.g4 Qa7 50.Kb3 Qb7+ 51.Kc2 Qb6 52.Kd3 Qd4+ 53.Kc2 
Qf2+ 54.Kb3 Qf6 55.Qxc7+ Qe7 56.Qc8 Qd7 57.Qb8 Qxg4 58.Qxd6 Nd7 59.Qxh6 
Nc5+ 60.Kc4 Qc8 61.Qh7+ Kf6 62.Qg6+ Ke7 63.Qg7+ 1-0

[Event "XXXVIII C.to Italiano a squadre Master"]
[Site "Porto San Giorgio ITA"]
[Date "2006.04.21"]
[Round "2"]
[White "Turci, Stefano"]
[Black "Lucaroni, Massimiliano"]
[Result "0-1"]
[WhiteElo "2199"]
[BlackElo "2293"]
[PlyCount "106"]
[EventDate "2006.04.21"]

1.e4 e5 2.f4 exf4 3.Bc4 d5 4.exd5 Qh4+ 5.Kf1 Bd6 6.Nc3 Ne7 7.Nf3 Qh6 8.d4 
O-O 9.Kf2 g5 10.g3 Bh3 11.Ne4 f6 12.Bb3 Nd7 13.c4 b6 14.Bd2 Nf5 15.Re1 
Rae8 16.Nxd6 Nxd6 17.Re6 fxg3+ 18.hxg3 Ne4+ 19.Kg1 Nxg3 20.Qe1 Bxe6 21.
Qxg3 Bf7 22.Bb4 Re4 23.Bxf8 Nxf8 24.Re1 Rf4 25.Re7 Qh5 26.Nh2 Rxd4 27.Rxc7
Qe2 28.d6 Rd3 29.Qg2 Qe3+ 30.Qf2 Qxf2+ 31.Kxf2 Rxd6 32.Rxf7 Kxf7 33.c5+ 
Re6 34.cxb6 axb6 35.Ng4 Ke7 36.Bxe6 Kxe6 37.Ne3 Nd7 38.b4 b5 39.Nc2 Kd5 
40.Na3 Kc6 41.Nc2 Kd5 42.Na3 Ne5 43.Nxb5 Nd3+ 44.Kf3 Nxb4 45.a4 f5 46.Nc7+
Kd6 47.Nb5+ Ke5 48.Nc7 Nc6 49.Ne8 h5 50.Ng7 h4 51.Nh5 g4+ 52.Ke3 h3 53.Kf2
f4 0-1

[Event "XXXVIII C.to Italiano a squadre Master"]
[Site "Porto San Giorgio ITA"]
[Date "2006.04.22"]
[Round "3"]
[White "Anceschi, Vittorio"]
[Black "Brunello, Sabino"]
[Result "1/2-1/2"]
[WhiteElo "2248"]
[BlackElo "2339"]
[PlyCount "125"]
[EventDate "2006.04.21"]

1.e4 e5 2.Nf3 Nc6 3.Nc3 Nf6 4.Be2 Bc5 5.O-O O-O 6.d3 Re8 7.Bg5 h6 8.Bxf6 
Qxf6 9.Nd5 Qd8 10.c3 a5 11.Qc2 d6 12.Rad1 Ba7 13.Kh1 Ne7 14.Nxe7+ Qxe7 15.
Nd2 Be6 16.b3 f5 17.Nc4 fxe4 18.dxe4 a4 19.Nd2 axb3 20.axb3 Qf7 21.f3 Be3 
22.Bc4 Bxc4 23.Nxc4 Bc5 24.Ra1 b5 25.Nd2 b4 26.cxb4 Bxb4 27.Nc4 Kh8 28.Ne3
Bc5 29.Nd5 Rxa1 30.Rxa1 c6 31.Nc3 Rb8 32.Rb1 Qb7 33.Ne2 Qb4 34.f4 exf4 35.
Nxf4 Re8 36.Ng6+ Kg8 37.e5 dxe5 38.Rc1 Qg4 39.Qxc5 Qxg6 40.Qxc6 Re6 41.Qd5
Kh7 42.h3 e4 43.Re1 e3 44.Re2 Re7 45.Kh2 Qb6 46.Qd3+ g6 47.g3 Qc5 48.h4 h5
49.Qc4 Qf5 50.Qb4 Qe5 51.Qf4 Qd5 52.Qg5 Qe4 53.Qf4 Qd3 54.Qc4 Qd1 55.Kg2 
Qd7 56.Qc5 Qb7+ 57.Kh2 Qe4 58.Qc4 Qf3 59.Qd3 Re4 60.Qd7+ Kh6 61.Qd3 Kh7 
62.Qd7+ Kh6 63.Qd3 1/2-1/2

[Event "XXXVIII C.to Italiano a squadre Master"]
[Site "Porto San Giorgio ITA"]
[Date "2006.04.22"]
[Round "3"]
[White "Arlandi, Ennio"]
[Black "Manca, Federico"]
[Result "0-1"]
[WhiteElo "2453"]
[BlackElo "2417"]
[PlyCount "120"]
[EventDate "2006.04.21"]

1.d4 Nf6 2.c4 g6 3.Nc3 Bg7 4.e4 d6 5.Nf3 O-O 6.Be2 c5 7.O-O cxd4 8.Nxd4 
Nc6 9.Be3 Bd7 10.Qd2 Nxd4 11.Bxd4 Bc6 12.f3 a5 13.b3 Nd7 14.Be3 Nc5 15.
Rab1 Qb6 16.Rfc1 Rfc8 17.Rc2 Qd8 18.Bf1 Qf8 19.a3 Be5 20.b4 axb4 21.axb4 
Ne6 22.Nd5 Ra3 23.Kh1 Rca8 24.f4 Bg7 25.Be2 Bh6 26.Bf3 Bxd5 27.exd5 Ng7 
28.Bg4 Qe8 29.c5 Qa4 30.Bd1 dxc5 31.Rcb2 Qa6 32.Be2 c4 33.b5 Qa7 34.Rb4 
Ra1 35.Qb2 Rxb1+ 36.Qxb1 Qa3 37.Bd2 Bxf4 38.Be1 Qe3 39.Bxc4 Be5 40.Rb3 Qc5
41.Qe4 Qd6 42.g3 Ra4 43.Rb1 Qc7 44.Bb4 Bd6 45.Bxd6 exd6 46.Rc1 Nf5 47.Qe8+
Kg7 48.b6 Qe7 49.Bb5 Qxe8 50.Bxe8 Ra8 51.Bd7 Ne3 52.Bc8 Ra6 53.Re1 Nc4 54.
Bxb7 Rxb6 55.Re7 Ne5 56.h4 Rb2 57.Kg1 Kf6 58.Rc7 Kf5 59.Ba6 Kg4 60.Rc3 
Nf3+ 0-1

[Event "XXXVIII C.to Italiano a squadre Master"]
[Site "Porto San Giorgio ITA"]
[Date "2006.04.22"]
[Round "3"]
[White "Bellini, Fabio"]
[Black "Godena, Michele"]
[Result "1/2-1/2"]
[WhiteElo "2499"]
[BlackElo "2537"]
[PlyCount "39"]
[EventDate "2006.04.21"]

1.e4 e5 2.Nf3 Nc6 3.Bb5 a6 4.Bxc6 dxc6 5.O-O Qd6 6.Na3 Be6 7.Qe2 f6 8.Rd1 
c5 9.c3 Bg4 10.h3 Bxf3 11.Qxf3 Ne7 12.Nc4 Qe6 13.d3 Nc6 14.a3 a5 15.a4 Bd6
16.Be3 O-O 17.Qg4 Qe7 18.f3 Rfd8 19.Qh4 b6 20.Qf2 1/2-1/2

[Event "XXXVIII C.to Italiano a squadre Master"]
[Site "Porto San Giorgio ITA"]
[Date "2006.04.22"]
[Round "3"]
[White "Bentivegna, Francesco"]
[Black "Martorelli, Antonio"]
[Result "1-0"]
[WhiteElo "2287"]
[BlackElo "2265"]
[PlyCount "79"]
[EventDate "2006.04.21"]

1.e4 g6 2.d4 Bg7 3.Nc3 c6 4.f4 d5 5.e5 Nh6 6.Nf3 Bg4 7.Be3 Nf5 8.Bf2 h5 9.
Bd3 Na6 10.a3 Nc7 11.h3 Bxf3 12.Qxf3 Ne6 13.Ne2 h4 14.O-O a5 15.a4 Qd7 16.
b3 Bh6 17.Rfd1 Bf8 18.c4 Nc7 19.Kh2 e6 20.Ng1 Be7 21.Rac1 Na6 22.Qe2 Nb4 
23.Bb1 dxc4 24.bxc4 O-O-O 25.Nf3 Kb8 26.d5 exd5 27.Bb6 Rc8 28.Bxa5 Qe6 29.
Qb2 Na6 30.Ba2 Ne3 31.Rb1 Nc5 32.Rd2 Rh7 33.Bb4 f6 34.Qa3 Na6 35.Bxe7 Nf5 
36.Bxf6 dxc4 37.Ng5 Qg8 38.Nxh7 Qxh7 39.Bxc4 Ng3 40.Bxa6 1-0

[Event "XXXVIII C.to Italiano a squadre Master"]
[Site "Porto San Giorgio ITA"]
[Date "2006.04.22"]
[Round "3"]
[White "Borgo, Giulio"]
[Black "D'Amore, Carlo"]
[Result "0-1"]
[WhiteElo "2414"]
[BlackElo "2474"]
[PlyCount "112"]
[EventDate "2006.04.21"]

1.e4 e5 2.Nf3 Nc6 3.d4 exd4 4.Nxd4 Bc5 5.Nxc6 Qf6 6.Qd2 bxc6 7.Bd3 Ne7 8.
Qf4 Qxf4 9.Bxf4 d6 10.Nd2 Ng6 11.Bg3 Bd4 12.O-O-O Be5 13.Bxe5 Nxe5 14.Be2 
O-O 15.f4 Nd7 16.Bf3 Rb8 17.Nb3 c5 18.e5 dxe5 19.Na5 e4 20.Bxe4 Nf6 21.Bf3
Rb4 22.Nc6 Rxf4 23.Ne7+ Kh8 24.Nxc8 Rxc8 25.Rhe1 g5 26.Re5 g4 27.Bc6 c4 
28.Rc5 Kg7 29.a4 Kg6 30.Bb7 Re8 31.Rxc7 Re5 32.Kb1 h5 33.g3 Rf2 34.Ba6 Ne4
35.Kc1 Ra5 36.Bb5 a6 37.Bc6 Nf6 38.Rd6 Re5 39.Kb1 Re1+ 40.Ka2 Kg7 41.a5 
Re5 42.Ba4 Rxa5 43.Rxc4 Rxh2 44.Ka3 Rf5 45.b4 Rg2 46.Rxa6 Rxg3+ 47.Kb2 h4 
48.Bc6 h3 49.Ra5 Rf1 50.b5 Rgg1 51.Rb4 Rb1+ 52.Kc3 g3 53.Rh4 h2 54.Raa4 
h1=Q 55.Rxh1 Rxh1 56.Bxh1 Rxh1 0-1

[Event "XXXVIII C.to Italiano a squadre Master"]
[Site "Porto San Giorgio ITA"]
[Date "2006.04.22"]
[Round "3"]
[White "Ferretti, Folco"]
[Black "Cherin, Diego"]
[Result "1/2-1/2"]
[WhiteElo "2254"]
[BlackElo "2304"]
[PlyCount "57"]
[EventDate "2006.04.21"]

1.Nf3 f5 2.d3 Nc6 3.e4 e5 4.Nc3 Nf6 5.exf5 d5 6.d4 exd4 7.Nxd4 Nxd4 8.Qxd4
Bxf5 9.Bf4 c6 10.O-O-O Bd6 11.Bd3 Bxf4+ 12.Qxf4 Bxd3 13.Rxd3 O-O 14.Qd2 
Qd6 15.f3 Rae8 16.Ne2 Nd7 17.Ng3 Qe5 18.Rd1 Nb6 19.Qc3 Qxc3 20.Rxc3 Nc4 
21.b3 Ne3 22.Rd2 Nf5 23.Nxf5 Rxf5 24.b4 a6 25.a4 Rf4 26.b5 Re6 27.bxc6 
bxc6 28.a5 Ra4 29.Rc5 1/2-1/2

[Event "XXXVIII C.to Italiano a squadre Master"]
[Site "Porto San Giorgio ITA"]
[Date "2006.04.22"]
[Round "3"]
[White "Garcia Palermo, Carlos Horacio"]
[Black "Turci, Stefano"]
[Result "1-0"]
[WhiteElo "2462"]
[BlackElo "2199"]
[PlyCount "89"]
[EventDate "2006.04.21"]

1.d4 d5 2.Nf3 Nf6 3.c4 c6 4.e3 Bf5 5.Nc3 e6 6.Nh4 Be4 7.f3 Bg6 8.Qb3 Qb6 
9.Nxg6 hxg6 10.Qxb6 axb6 11.cxd5 Nxd5 12.Kf2 Nd7 13.Bd2 Be7 14.Be2 b5 15.
Nxd5 exd5 16.a3 Nb6 17.e4 Nc4 18.Bc3 dxe4 19.fxe4 f5 20.exf5 gxf5 21.Bd3 
O-O 22.a4 Nd6 23.axb5 Nxb5 24.Bc4+ Kh7 25.Rxa8 Rxa8 26.Bxb5 cxb5 27.d5 
Bc5+ 28.Kf3 b4 29.Be5 Re8 30.Kf4 Kg6 31.Rd1 Be7 32.Kf3 Bf6 33.Bxf6 Kxf6 
34.h4 Rd8 35.d6 Ke5 36.d7 g6 37.g3 b3 38.Rd3 Ke6 39.Kf4 Kf6 40.Rd6+ Ke7 
41.Ke5 Kf7 42.Rd1 Ke7 43.Rd2 Rxd7 44.Rxd7+ Kxd7 45.Kf6 1-0

[Event "XXXVIII C.to Italiano a squadre Master"]
[Site "Porto San Giorgio ITA"]
[Date "2006.04.22"]
[Round "3"]
[White "Huebner, Robert"]
[Black "Dervishi, Erald"]
[Result "1/2-1/2"]
[WhiteElo "2632"]
[BlackElo "2506"]
[PlyCount "26"]
[EventDate "2006.04.21"]

1.d4 Nf6 2.Nf3 e6 3.c4 b6 4.g3 Bb7 5.Bg2 Be7 6.O-O O-O 7.Nc3 Ne4 8.Bd2 d5 
9.cxd5 exd5 10.Rc1 Na6 11.Bf4 Re8 12.Ne5 c5 13.dxc5 Naxc5 1/2-1/2

[Event "XXXVIII C.to Italiano a squadre Master"]
[Site "Porto San Giorgio ITA"]
[Date "2006.04.22"]
[Round "3"]
[White "Lapiccirella, Mattia"]
[Black "Mariano, Elia"]
[Result "1-0"]
[WhiteElo "2243"]
[BlackElo "2191"]
[PlyCount "103"]
[EventDate "2006.04.21"]

1.d4 e6 2.c4 d5 3.Nc3 Nf6 4.Nf3 Nbd7 5.Bg5 c6 6.cxd5 exd5 7.e3 Qa5 8.Nd2 
Ne4 9.Nb3 Qb4 10.a3 Nxc3 11.Qc2 Qd6 12.Qxc3 Qg6 13.Bf4 Nf6 14.f3 h5 15.
O-O-O Be7 16.Bd3 Bf5 17.Ba6 O-O 18.Bxb7 Rad8 19.Rd2 Ne8 20.Nc5 Nd6 21.Ba6 
Rfe8 22.Bxd6 Rxd6 23.Bd3 Bg5 24.f4 Bd8 25.Bxf5 Qxf5 26.Qd3 Qxd3 27.Rxd3 
Bb6 28.b4 Rg6 29.Rg1 Ra8 30.Kb2 Bxc5 31.bxc5 Rb8+ 32.Kc2 Kf8 33.g3 Re6 34.
Rb1 Rbe8 35.Rbb3 g6 36.Kd2 Kg7 37.Rb7 R6e7 38.Rxe7 Rxe7 39.Rb3 Kf6 40.Kd3 
Kf5 41.h3 Ke6 42.Rb8 Kd7 43.Rb7+ Kd8 44.Rxe7 Kxe7 45.e4 dxe4+ 46.Kxe4 Ke6 
47.d5+ cxd5+ 48.Kd4 a6 49.a4 f6 50.g4 hxg4 51.hxg4 a5 52.f5+ 1-0

[Event "XXXVIII C.to Italiano a squadre Master"]
[Site "Porto San Giorgio ITA"]
[Date "2006.04.22"]
[Round "3"]
[White "Lostuzzi, Manlio"]
[Black "Lucaroni, Massimiliano"]
[Result "1/2-1/2"]
[WhiteElo "2406"]
[BlackElo "2293"]
[PlyCount "39"]
[EventDate "2006.04.21"]

1.d4 d5 2.c4 e6 3.Nf3 c5 4.cxd5 exd5 5.Nc3 Nc6 6.g3 Nf6 7.Bg2 Be7 8.O-O 
O-O 9.Bg5 cxd4 10.Nxd4 h6 11.Bf4 Bg4 12.h3 Be6 13.Rc1 Qd7 14.Nxe6 fxe6 15.
e4 d4 16.e5 dxc3 17.exf6 Qxd1 18.Rfxd1 Bxf6 19.bxc3 Rad8 20.Be3 1/2-1/2

[Event "XXXVIII C.to Italiano a squadre Master"]
[Site "Porto San Giorgio ITA"]
[Date "2006.04.22"]
[Round "3"]
[White "Napoli, Nicolo'"]
[Black "Caggiano, Luigi Maria"]
[Result "1-0"]
[WhiteElo "2220"]
[BlackElo "1622"]
[PlyCount "67"]
[EventDate "2006.04.21"]

1.e4 d6 2.d4 Nf6 3.Nc3 g6 4.f4 Bg7 5.Nf3 O-O 6.Be3 a5 7.Bd3 Na6 8.h3 c5 9.
O-O cxd4 10.Nxd4 Nc5 11.Qd2 Nxd3 12.cxd3 Bd7 13.a4 e5 14.Ndb5 exf4 15.Bxf4
Bxb5 16.Nxb5 d5 17.Bc7 Qd7 18.Be5 Nh5 19.Bxg7 Nxg7 20.e5 Ne6 21.d4 b6 22.
Nd6 Ra7 23.b4 Nc7 24.Rf3 Ne8 25.Nb5 Ra8 26.Rc1 Rc8 27.Rxc8 Qxc8 28.bxa5 
bxa5 29.Qxa5 Qc1+ 30.Kh2 Qd1 31.Qa7 Qc1 32.Qd7 Qc4 33.e6 fxe6 34.Qxe6+ 1-0

[Event "XXXVIII C.to Italiano a squadre Master"]
[Site "Porto San Giorgio ITA"]
[Date "2006.04.22"]
[Round "3"]
[White "Ranieri, Fabrizio"]
[Black "Passoni, Carlo"]
[Result "1-0"]
[WhiteElo "2228"]
[BlackElo "2251"]
[PlyCount "95"]
[EventDate "2006.04.21"]

1.e4 c5 2.Nf3 e6 3.d4 cxd4 4.Nxd4 Nc6 5.Nc3 Qc7 6.Be2 a6 7.Be3 Nf6 8.O-O 
b5 9.Nxc6 dxc6 10.Bf3 e5 11.a4 b4 12.Nb1 Be6 13.Nd2 c5 14.a5 Be7 15.Qe2 c4
16.Bb6 Qc6 17.c3 b3 18.h3 h5 19.Qe3 Nd7 20.Be2 Rb8 21.Kh1 g5 22.Qg3 h4 23.
Qe3 Rg8 24.Bg4 Bc5 25.Bxc5 Nxc5 26.Bxe6 Nxe6 27.Nf3 f6 28.Rfd1 Nf4 29.Nh2 
Kf7 30.Ng4 Kg6 31.Rd2 Rgd8 32.Rad1 Qc7 33.Rxd8 Rxd8 34.Rxd8 Qxd8 35.Qb6 
Qd1+ 36.Kh2 Nh5 37.Qe6 Qd2 38.Qe8+ Kg7 39.Qe7+ Kg6 40.Qe8+ Kg7 41.Ne3 Ng3 
42.Qe7+ Kg6 43.Qf8 Nf1+ 44.Nxf1 Qxf2 45.Qg8+ Kh6 46.Qxc4 Qxb2 47.Ne3 Qd2 
48.Nf5+ 1-0

[Event "XXXVIII C.to Italiano a squadre Master"]
[Site "Porto San Giorgio ITA"]
[Date "2006.04.22"]
[Round "3"]
[White "Saccona, Silvano"]
[Black "Bozzi, Gianni"]
[Result "1-0"]
[WhiteElo "2162"]
[BlackElo "2190"]
[PlyCount "57"]
[EventDate "2006.04.21"]

1.e4 Nf6 2.e5 Nd5 3.Nf3 d6 4.d4 g6 5.Bc4 Nb6 6.Bb3 Bg7 7.O-O O-O 8.Re1 
dxe5 9.Nxe5 c5 10.c3 cxd4 11.cxd4 N8d7 12.Ng4 e6 13.Nc3 h5 14.Ne3 Nf6 15.
Nf1 Nfd5 16.Ne4 Nc7 17.Be3 Nb5 18.Qd3 Nxd4 19.Rad1 Nc6 20.Qc2 Nd4 21.Qd2 
Nc6 22.Qc1 Qc7 23.Bg5 Nd7 24.Be7 Re8 25.Bh4 Nb6 26.Nf6+ Bxf6 27.Bxf6 Kh7 
28.Bc2 Nd7 29.Rxd7 1-0

[Event "XXXVIII C.to Italiano a squadre Master"]
[Site "Porto San Giorgio ITA"]
[Date "2006.04.22"]
[Round "3"]
[White "Tirabassi, Maurizio"]
[Black "Macieja, Bartlomiej"]
[Result "0-1"]
[WhiteElo "2306"]
[BlackElo "2584"]
[PlyCount "48"]
[EventDate "2006.04.21"]

1.d4 e6 2.c4 b6 3.Nc3 Bb4 4.Nf3 Bb7 5.e3 Bxc3+ 6.bxc3 f5 7.Bd3 Nf6 8.O-O 
c5 9.Nd2 O-O 10.f3 Nc6 11.e4 fxe4 12.fxe4 e5 13.d5 Ne7 14.Nf3 Ng6 15.Qe2 
h6 16.Ne1 d6 17.Nc2 Bc8 18.Ne3 Nf4 19.Rxf4 exf4 20.Nf5 Re8 21.Qf3 Bxf5 22.
exf5 Re1+ 23.Kf2 Qe7 24.Qxf4 Re8 0-1

[Event "XXXVIII C.to Italiano a squadre Master"]
[Site "Porto San Giorgio ITA"]
[Date "2006.04.22"]
[Round "3"]
[White "Trabattoni, Franco"]
[Black "Castaldo, Folco"]
[Result "1/2-1/2"]
[WhiteElo "2329"]
[BlackElo "2347"]
[PlyCount "89"]
[EventDate "2006.04.21"]

1.d4 e6 2.Nf3 f5 3.g3 Nf6 4.Bg2 Be7 5.c4 O-O 6.Nc3 Ne4 7.Qc2 Nxc3 8.Qxc3 
a5 9.O-O Bf6 10.b3 Nc6 11.Bb2 d6 12.Rad1 Qe8 13.Qc1 e5 14.dxe5 dxe5 15.Ba3
e4 16.Ng5 Nb4 17.Qf4 Qe7 18.Nh3 Be6 19.Qc1 c5 20.Qb1 Rfd8 21.Bb2 Rxd1 22.
Rxd1 Rd8 23.Bxf6 Qxf6 24.Nf4 Bf7 25.h4 Rxd1+ 26.Qxd1 Qd4 27.Qc1 b6 28.Nh3 
h6 29.Qf4 Qf6 30.Qb8+ Kh7 31.g4 fxg4 32.Bxe4+ g6 33.Nf4 Na6 34.Qb7 Qxf4 
35.h5 Nc7 36.hxg6+ Bxg6 37.Bxg6+ Kxg6 38.Qxb6+ Kh5 39.Qxc5+ Kh4 40.e3 Qf7 
41.Qxa5 Ne6 42.Qd5 Qf6 43.Qh1+ Kg5 44.Qd5+ Kh4 45.Qh1+ 1/2-1/2

[Event "XXXVIII C.to Italiano a squadre Master"]
[Site "Porto San Giorgio ITA"]
[Date "2006.04.22"]
[Round "3"]
[White "Vocaturo, Daniele"]
[Black "Falchetta, Giovanni"]
[Result "1-0"]
[WhiteElo "2402"]
[BlackElo "2202"]
[PlyCount "71"]
[EventDate "2006.04.21"]

1.e4 d5 2.exd5 Qxd5 3.Nc3 Qa5 4.d4 Nf6 5.Nf3 Bg4 6.h3 Bxf3 7.Qxf3 c6 8.Bc4
e6 9.O-O Bd6 10.Ne4 Nxe4 11.Qxe4 O-O 12.Bxe6 Qc7 13.Bb3 Nd7 14.c3 Rae8 15.
Qf3 Kh8 16.Bg5 f6 17.Bd2 Re7 18.Rfe1 Rfe8 19.Rxe7 Rxe7 20.g3 Nf8 21.h4 Re8
22.Kg2 Qe7 23.Re1 Qd8 24.Rxe8 Qxe8 25.h5 Qe7 26.Qd3 Qe8 27.Qf3 Qe7 28.a4 
Bc7 29.Kf1 Nd7 30.Qf5 b6 31.Qf3 Nb8 32.Bc2 Qe6 33.Kg2 Kg8 34.Bf5 Qe7 35.
Qd3 h6 36.Qc4+ 1-0

[Event "XXXVIII C.to Italiano a squadre Master"]
[Site "Porto San Giorgio ITA"]
[Date "2006.04.22"]
[Round "4"]
[White "Bruno, Fabio"]
[Black "Borgo, Giulio"]
[Result "0-1"]
[WhiteElo "2394"]
[BlackElo "2414"]
[PlyCount "122"]
[EventDate "2006.04.21"]

1.d4 d5 2.Nf3 Nf6 3.e3 c5 4.c4 cxd4 5.exd4 g6 6.Nc3 Bg7 7.Be2 O-O 8.O-O 
Nc6 9.h3 dxc4 10.Bxc4 Na5 11.Be2 Be6 12.Ne5 Rc8 13.Qa4 a6 14.Bd2 Nc6 15.
Nxc6 Rxc6 16.Bf3 Nd5 17.Ne4 Nb6 18.Qd1 Bd5 19.Ba5 Qc8 20.Rc1 Nc4 21.Bc3 
Rd8 22.b3 Nd6 23.Nxd6 Rdxd6 24.Bb4 Bxf3 25.Rxc6 Qxc6 26.Qxf3 Qxf3 27.gxf3 
Rd7 28.d5 Bf8 29.Rc1 f5 30.Rc8 Kf7 31.Rb8 Bg7 32.f4 Bd4 33.Kg2 b6 34.a4 a5
35.Ba3 Rc7 36.b4 Rc2 37.bxa5 bxa5 38.Rb7 Rxf2+ 39.Kg3 Re2 40.d6 Re3+ 41.
Kg2 Rxa3 42.d7 Ra2+ 43.Kf1 Bb6 44.Rxb6 Rd2 45.Rb7 Ke6 46.Ra7 Rxd7 47.Rxa5 
Rd4 48.Ra8 Rxf4+ 49.Kg2 Kf6 50.Kg3 e5 51.h4 Rg4+ 52.Kh3 Rb4 53.a5 Ra4 54.
a6 e4 55.a7 Kg7 56.Kg3 Kh6 57.h5 Kxh5 58.Kf4 Ra5 59.Kg3 Kg5 60.Kf2 Kf4 61.
Kg2 g5 0-1